[Event "Olympiad Women 2024"]
[Site "Budapest HUN"]
[Date "2024.09.13"]
[Round "3.34"]
[Board "3"]
[White "Bakalarz, Grazyna"]
[Black "Mitsuyama, Rikka"]
[Result "1-0"]
[WhiteElo "1928"]
[BlackElo "1738"]
[PlyCount "77"]
[EventDate "2024.09.11"]
[WhiteTeam "Luxembourg"]
[BlackTeam "Japan"]
[WhiteTeamCountry "LUX"]
[BlackTeamCountry "JPN"]

1. d4 d5 2. c4 e6 3. Nf3 Nf6 4. Nc3 Be7 5. Bf4 O-O 6. e3 c6 7. Be2 Nbd7 ({RR} 7... Re8 8. h3 dxc4 9. Bxc4 Nd5 10. Bh2 Nd7 11. O-O N7b6 12. Bb3 Bd6 13. Ne5 Nxc3 14. bxc3 f6 15. Nd3 Bxh2+ 16. Kxh2 Nd7 17. f4 Kh8 18. Qh5 b6 19. f5 exf5 20. Nf4 Nf8 21. Qf7 Ne6 22. Bxe6 {1-0 Gurevich,D (2460)-Meijers,V (2370) Biel MTO op 1991 (6)}) ({RR} 7... b6 8. O-O Bb7 9. Rc1 Nbd7 10. cxd5 cxd5 11. Nb5 Ba6 12. Nc7 Bxe2 13. Qxe2 Rc8 14. Nb5 a6 15. Na7 Rxc1 16. Rxc1 Qa8 17. Qxa6 Nb8 18. Bxb8 Rxb8 19. Rc8+ Rxc8 20. Qxc8+ Qxc8 21. Nxc8 Bd8 22. Ne5 {1-0 Rodriguez Santiago,J (2044)-Dilmukhametov,A (2276) Titled Tue 6th Feb Early 2024 (3)}) 8. Rc1 Nh5 9. Bg3 Nxg3 $146 ({RR} 9... g6 10. O-O f5 11. Bf4 Nxf4 12. exf4 Bf6 13. Re1 Re8 14. Bf1 Bg7 15. b3 Nf6 16. Ne5 Bd7 17. Rc2 Re7 18. f3 Be8 19. g3 Qa5 20. Na4 dxc4 21. Nxc4 Qc7 22. Nc5 Bf7 23. Ne5 Rae8 24. b4 {1-0 Rodriguez Munoz,C (1902)-Silva,J (1988) COL-chC Bogota 2019 (2)}) 10. hxg3 Nf6 11. Qc2 g6 12. a3 dxc4 13. Bxc4 b5 14. Bd3 b4 15. axb4 Bxb4 16. O-O c5 17. dxc5 Bxc5 18. Rfd1 Qe7 19. Ne4 Bb6 20. Qa4 Nd5 21. Nd4 Bb7 22. Nc3 Nf6 23. Bb5 Ng4 24. Nc6 Qg5 25. Ne4 Qh6 26. Nc5 Qh2+ 27. Kf1 Nxe3+ 28. fxe3 a6 29. Ne7+ Kh8 30. Nxb7 Bxe3 31. Bc6 Qg1+ 32. Ke2 Qf2+ 33. Kd3 Qxg3 34. Bf3 Qg5 35. Rc7 Bb6 36. Rd7 Qe3+ 37. Kc2 Rab8 38. Qh4 Rfe8 39. Qf6# 1-0

[Event "Olympiad Women 2024"]
[Site "Budapest HUN"]
[Date "2024.09.13"]
[Round "3.34"]
[Board "4"]
[White "Takayasu, Melody"]
[Black "Lyon, Hannah Jane"]
[Result "0-1"]
[WhiteElo "1768"]
[BlackElo "1797"]
[PlyCount "90"]
[EventDate "2024.09.11"]
[WhiteTeam "Japan"]
[BlackTeam "Luxembourg"]
[WhiteTeamCountry "JPN"]
[BlackTeamCountry "LUX"]

1. e4 c6 2. d4 d5 3. e5 Bf5 4. c4 e6 5. Nc3 Ne7 6. Nf3 h6 7. b3 Nd7 8. h3 Qa5 $146 ({RR} 8... Ng6 9. a3 Nh4 10. Nxh4 Qxh4 11. Be3 Qd8 12. Bd3 Bxd3 13. Qxd3 dxc4 14. bxc4 Nxe5 15. Qe2 Nd7 16. O-O Bd6 17. d5 cxd5 18. cxd5 e5 19. Ne4 Be7 20. Qg4 g6 21. d6 Bf8 22. f4 Bg7 23. f5 {1-0 Jimenez Munoz,N (1975)-Roca Planas,E (2137) ESP-ch U18 Salobrena 2022 (8)}) ({RR} 8... Ng6 9. a3 dxc4 10. bxc4 c5 11. g4 cxd4 12. Nxd4 Bxg4 13. hxg4 Ndxe5 14. Be2 Bc5 15. Nb3 Qxd1+ 16. Nxd1 Bd6 17. Be3 Rc8 18. c5 Bb8 19. Nc3 Nd7 20. Ne4 O-O 21. Rd1 Rfd8 22. Nd6 Bxd6 23. cxd6 {1-0 Carlsen,M (2862)-Vachier Lagrave,M (2784) Chess.com Speed blitz 2020 (3.37)}) ({RR} 8... a6 9. Bd3 Bxd3 10. Qxd3 Ng6 11. cxd5 cxd5 12. h4 Rc8 13. Bd2 Bb4 14. Ne2 Bxd2+ 15. Qxd2 h5 16. Ng3 Nb8 {½-½ Bru Rullo,L (2202)-Travesset Sagre,J (2264) 24th Torredembarra Open 2024 (6.1)}) ({RR} 8... g5 9. Bd3 dxc4 10. bxc4 Qa5 11. Bb2 Rd8 12. O-O Nc5 13. Bxf5 Nxf5 14. d5 Qb4 15. Qe2 Bg7 16. Rab1 O-O 17. d6 Nxd6 18. exd6 Bxc3 19. Rfd1 Na4 20. Ba1 Qc5 21. Rxb7 Rxd6 22. Rxd6 Qxd6 23. Bxc3 {0-1 Bon,M (2393)-Kukula,P (2135) Titled Tue 8th Nov Early 2022 (9)}) 9. Bd2 Qc7 10. g4 Bh7 11. c5 f6 12. exf6 gxf6 13. Qc1 e5 14. Bxh6 exd4 15. Bxf8 Rxf8 16. Nxd4 Nxc5 17. b4 Qe5+ 18. Qe3 Ne4 19. f4 Qd6 20. Nxe4 Bxe4 21. Rh2 Qxb4+ 22. Qd2 Qd6 23. Bg2 Bh7 24. Bf3 Ng6 25. Re2+ Kf7 26. f5 Qg3+ 27. Kf1 Ne5 28. Qh6 Rh8 29. Qh5+ Kg8 30. Rxe5 fxe5 31. Qg5+ Kf7 32. Qh5+ Ke7 33. Qg5+ Kd6 34. Qf6+ Kc5 35. Nb3+ Kb6 36. Nd2 Qxh3+ 37. Kf2 Qh2+ 38. Bg2 Qf4+ 39. Nf3 Rae8 40. Rb1+ Kc5 41. Qg5 Qxg5 42. Nxg5 b5 43. Rc1+ Kb6 44. Nf7 Rhg8 45. Nh6 Rg7 0-1

[Event "Olympiad Women 2024"]
[Site "Budapest HUN"]
[Date "2024.09.13"]
[Round "3.35"]
[Board "1"]
[White "Morales Santos, Natasha"]
[Black "Ortiz Verdezoto, Anahi"]
[Result "0-1"]
[WhiteElo "1972"]
[BlackElo "2229"]
[PlyCount "160"]
[EventDate "2024.09.11"]
[WhiteTeam "Puerto Rico"]
[BlackTeam "Ecuador"]
[WhiteTeamCountry "PUR"]
[BlackTeamCountry "ECU"]

1. d4 Nf6 2. c4 e6 3. Nc3 Bb4 4. e3 c5 5. Bd2 cxd4 6. exd4 O-O 7. Bd3 d5 8. Nf3 dxc4 9. Bxc4 Nc6 10. a3 Be7 11. Be3 b6 12. O-O Bb7 13. Qe2 Na5 14. Ba2 Nd5 15. Rac1 Nxc3 16. Rxc3 Bd5 17. Bb1 Rc8 $146 ({RR} 17... f5 18. Bf4 Bd6 19. Be5 Nc6 20. Rd1 Rc8 21. Bxd6 Qxd6 22. Ne5 Rf6 23. Bc2 Rh6 24. Ba4 Rc7 25. g3 Ne7 26. Rdc1 Rxc3 27. Rxc3 Bb7 28. Bb3 Rf6 29. Qd2 Nd5 30. Rc1 f4 31. g4 Rf8 32. f3 {0-1 Horvath,M-Huba,M SVK-chT2B 9798 1997}) 18. Rfc1 Rxc3 19. Rxc3 Qa8 20. b4 Nc6 21. Ne5 Nxe5 22. dxe5 g6 23. Bh6 Rc8 24. Rxc8+ Qxc8 25. Qc2 Qd7 26. h3 Bb7 27. Qd3 Qc6 28. f3 Qc7 29. Qb5 Bc6 30. Qc4 Qd7 31. Qd3 Bd5 32. Bc2 a5 33. bxa5 bxa5 34. Qa6 Bc5+ 35. Kh2 Qc7 36. Ba4 Qxe5+ 37. f4 Qc7 38. Qb5 Bf8 39. Qe8 Qe7 40. Qb8 Qxa3 41. Qd8 Qe7 42. Qb8 f6 43. Bd1 Kf7 44. Bxf8 Qxf8 45. Qa7+ Qe7 46. Qxa5 Qb7 47. Qd2 Qc7 48. Kg1 Qc5+ 49. Kh2 e5 50. fxe5 fxe5 51. Qh6 Kg8 52. Qg5 Qd6 53. Bg4 e4+ 54. Kh1 Bf7 55. Qe3 Qe5 56. Kg1 h5 57. Be2 g5 58. Kf2 Kg7 59. g3 h4 60. gxh4 gxh4 61. Bg4 Kg6 62. Qb6+ Kg7 63. Qe3 Qf6+ 64. Ke1 Bg6 65. Qa7+ Kh8 66. Qa8+ Kg7 67. Qa7+ Bf7 68. Qe3 Bd5 69. Qa7+ Kg6 70. Qe3 Qb2 71. Qd2 Qb3 72. Qe2 e3 73. Bh5+ Kf6 74. Qg4 Qc3+ 75. Kf1 Qc1+ 76. Qd1 Bc4+ 77. Kg2 Qxd1 78. Bxd1 e2 79. Bxe2 Bxe2 80. Kf2 Bh5 0-1

[Event "Olympiad Women 2024"]
[Site "Budapest HUN"]
[Date "2024.09.13"]
[Round "3.35"]
[Board "2"]
[White "Wagenschuetz, Evelyn"]
[Black "Rivera Negron, Yanira"]
[Result "1-0"]
[WhiteElo "2036"]
[BlackElo "1805"]
[PlyCount "59"]
[EventDate "2024.09.11"]
[WhiteTeam "Ecuador"]
[BlackTeam "Puerto Rico"]
[WhiteTeamCountry "ECU"]
[BlackTeamCountry "PUR"]

1. e4 {ChessBase} e6 2. d4 d5 3. Nc3 Nf6 4. Bg5 Be7 ({RR} 4... Bb4) 5. e5 Nfd7 6. Bxe7 Qxe7 7. f4 a6 8. Qg4 f6 ({RR} 8... f5 9. exf6 Nxf6 10. Qh4 b6 ({RR} 10... c5 11. Nf3 Nc6 12. dxc5 Qxc5 13. O-O-O O-O 14. Bd3 Bd7 15. Rhe1) 11. Nf3 c5 12. Bd3 Nc6 ({RR} 12... O-O 13. Bxh7+) 13. O-O-O ({RR} 13. Bg6+ Kd8 14. O-O-O Rf8 15. Bd3) 13... cxd4 ({RR} 13... O-O 14. Ne5 Qd6 15. g4) 14. Bg6+ ({RR} 14. Ne2) 14... Kd8 ({RR} 14... Kf8 15. Ne2) 15. Nxd4 Nxd4 16. Rxd4 Bd7 ({RR} 16... Ng8 17. f5) 17. Bd3 Re8 18. Re1 Qc5 19. Ne2 ({RR} 19. f5 exf5 ({RR} 19... e5 20. Rxd5) 20. Rxe8+ Kxe8) 19... Bb5 20. Kb1 e5 ({RR} 20... Kc7) 21. fxe5 Rxe5 22. c4 Bd7 ({RR} 22... Bc6 23. cxd5 Rxd5 24. Bc4 Rxd4 25. Nxd4) 23. Rxd5 {1-0 Topalov,V (2752)-Vallejo Pons,F (2697) Leon Masters 25th rapid 2012 (4)}) 9. Bd3 ({RR} 9. Nf3 O-O 10. h4 c5 11. Bd3 c4 12. Bxh7+ Kxh7 13. Ng5+ fxg5 14. hxg5+ Kg8 15. g6 Rf5 16. Rh8+ Kxh8 17. Qh3+ {1-0 Zhou,L (1848)-Schuster,R (1815) GER-ch blitz (Women) 2022 (2)}) 9... fxe5 $146 ({RR} 9... f5 10. Qg3 c5 11. dxc5 Nxc5 12. Nge2 Nc6 13. O-O O-O 14. h4 Bd7 15. Qh3 Be8 16. g4 fxg4 17. Qxg4 Nxd3 18. cxd3 Bg6 19. Qg3 Rf5 20. Rf2 Raf8 21. Raf1 Rh5 22. Rh2 Qf7 23. Rff2 Rf5 24. a3 {1-0 Garibian,N-Piskunov,I (1950) Krasnodar Region-ch U18 2013 (2)}) 10. fxe5 c5 11. Nf3 cxd4 12. Ne2 Nc6 13. Nexd4 Nxd4 14. Nxd4 Nc5 15. O-O Nxd3 16. cxd3 Bd7 17. Qh5+ g6 18. Qh6 O-O-O 19. Rf6 Qb4 20. Nb3 Rdf8 21. Rc1+ Kb8 22. Nc5 Rd8 23. Rf7 Bc8 24. Qe3 d4 25. Qf2 b6 26. Rc4 Qa5 27. b4 Qa3 28. Nb3 Rd7 29. Rf8 Rxf8 30. Qxf8 1-0

[Event "Olympiad Women 2024"]
[Site "Budapest HUN"]
[Date "2024.09.13"]
[Round "3.35"]
[Board "3"]
[White "Vega Jimenez, Keyshla M."]
[Black "Vasquez Ramirez, Rocio"]
[Result "0-1"]
[WhiteElo "1769"]
[BlackElo "1981"]
[PlyCount "90"]
[EventDate "2024.09.11"]
[WhiteTeam "Puerto Rico"]
[BlackTeam "Ecuador"]
[WhiteTeamCountry "PUR"]
[BlackTeamCountry "ECU"]

1. e4 c5 2. Nc3 a6 3. g3 Nc6 4. Bg2 e6 5. Nh3 Nf6 6. d3 Be7 7. O-O O-O 8. f4 ({RR} 8. g4 d6 9. f4 Re8 10. g5 Nd7 11. Ne2 b5 12. Ng3 Bf8 13. Nf2 Nb6 14. f5 exf5 15. exf5 d5 16. c3 Ne5 17. d4 Nec4 18. Ng4 cxd4 19. cxd4 Bb7 20. Qd3 Nd6 21. g6 Nd7 22. gxh7+ Kh8 {1-0 Can,E (2606)-Anand,B (2312) Novi Sad Serbia op-A 2022 (1)}) 8... d5 9. e5 $146 ({RR} 9. Nf2 dxe4 10. dxe4 Qxd1 11. Nfxd1 Nd4 12. Ne3 Rd8 13. Rf2 h5 14. h3 Rb8 15. g4 hxg4 16. hxg4 b5 17. e5 Nd7 18. Ne4 g5 19. c3 gxf4 20. cxd4 fxe3 21. Bxe3 cxd4 22. Bxd4 Bb7 23. Rc1 Bxe4 {½-½ Burakovsky,M (2026)-Ovsiannikov,Y Kiev-ch 2009 (6)}) 9... Nd7 10. Qg4 Nd4 11. Qd1 Nf5 12. Nf2 b5 13. Ne2 Rb8 14. Ng4 d4 15. Nf2 h5 16. Ne4 Nb6 17. g4 hxg4 18. N2g3 Nd5 19. Nxf5 exf5 20. Ng3 g6 21. Qe2 Be6 22. a3 Qb6 23. Kh1 Rfc8 24. Bd2 c4 25. Rae1 c3 26. Bc1 b4 27. axb4 cxb2 28. Bxb2 Qxb4 29. Bc1 Qc3 30. Rf2 Rb1 31. Nf1 Ba3 32. Bd2 Qxc2 33. Rxb1 Qxb1 34. Be1 Rc1 35. Ba5 Ne3 36. Bd2 Rc2 37. Qe1 Qxe1 38. Bxe1 Nxg2 39. Kxg2 Bd5+ 40. Kg3 Rc1 41. Ba5 Rd1 42. Bd2 a5 43. h3 gxh3 44. Kxh3 Bb4 45. Kh4 Rxf1 0-1

[Event "Olympiad Women 2024"]
[Site "Budapest HUN"]
[Date "2024.09.13"]
[Round "3.35"]
[Board "4"]
[White "Miranda Vargas, Analia Karen"]
[Black "Alvarado Perez, Coralys M."]
[Result "1/2-1/2"]
[WhiteElo "1891"]
[BlackElo "1694"]
[PlyCount "55"]
[EventDate "2024.09.11"]
[WhiteTeam "Ecuador"]
[BlackTeam "Puerto Rico"]
[WhiteTeamCountry "ECU"]
[BlackTeamCountry "PUR"]

1. e4 d5 2. exd5 Qxd5 3. Nc3 Qa5 4. Bc4 Nf6 5. h3 Nc6 6. Nf3 Bf5 7. d3 e6 8. Bd2 Bb4 9. a3 Bxc3 10. Bxc3 Qb6 11. Qe2 O-O-O 12. g4 Bg6 13. O-O-O Rhe8 14. Rhg1 $146 ({RR} 14. Nh4 Qc5 15. Qe3 Qxe3+ 16. fxe3 Nd5 17. Bd2 Ne5 18. Bb3 Bxd3 {½-½ Lujan,C (2378)-Maggiolo,E (2101) ARG-ch (Women) 2006 (3)}) 14... Qc5 15. h4 h6 16. g5 hxg5 17. hxg5 Nh5 18. Nh4 Nf4 19. Qf3 e5 20. Rde1 Bh5 21. Qe4 Qxf2 22. Qf5+ Kb8 23. Rh1 Ne2+ 24. Kd2 Nf4+ 25. Kc1 Ne2+ 26. Kd2 Nf4+ 27. Kc1 Ne2+ 28. Kd2 1/2-1/2

[Event "Olympiad Women 2024"]
[Site "Budapest HUN"]
[Date "2024.09.13"]
[Round "3.36"]
[Board "1"]
[White "De Blecourt, Sandra"]
[Black "Sawan, Eman"]
[Result "0-1"]
[WhiteElo "2065"]
[BlackElo "1972"]
[PlyCount "100"]
[EventDate "2024.09.11"]
[WhiteTeam "Denmark"]
[BlackTeam "Palestine"]
[WhiteTeamCountry "DEN"]
[BlackTeamCountry "PLE"]

1. d4 Nf6 2. c4 g6 3. Nc3 Bg7 4. e4 d6 5. Bd3 O-O 6. Nge2 Nc6 7. O-O e5 8. d5 Nd4 9. Nxd4 exd4 10. Ne2 Qe7 ({RR} 10... Nd7 11. Bc2 Ne5 12. Nxd4 Nxc4 13. b3 Qf6 14. bxc4 Qxd4 15. Qxd4 Bxd4 16. Rb1 b6 17. Rd1 Bc5 18. Re1 Bd7 19. Be3 Bxe3 20. Rxe3 Rae8 21. f4 f6 22. h4 Kg7 23. Kf2 Re7 24. Rbe1 Rfe8 25. g3 {0-1 Dubov,D (2710)-Firouzja,A (2759) Levitov Dubov-Firouzja m blitz 2021 (5)}) ({RR} 10... Nd7 11. Bc2 a5 12. Nxd4 Re8 13. b3 Nc5 14. f3 f5 15. exf5 gxf5 16. Bb2 Qg5 17. f4 Qg6 18. Rf3 Kh8 19. Rg3 Qf7 20. Rxg7 Qxg7 21. Rb1 Kg8 22. Nxf5 Qg6 23. Ne7+ Rxe7 24. Bxg6 hxg6 25. Qd4 {1-0 Sarana,A (2697)-Seemann,J (2439) Titled Tue 13th Feb Early 2024 (3)}) 11. f3 Nd7 12. Bc2 $146 ({RR} 12. Bf4 c5 13. Qd2 Ne5 14. Bg5 f6 15. Bh4 g5 16. Bg3 Nxd3 17. Qxd3 f5 18. b4 b6 19. bxc5 bxc5 20. Be1 h5 21. Bd2 h4 22. Rae1 Bd7 23. Nc1 Qf6 24. Qa3 Qg6 25. Qa6 fxe4 26. fxe4 h3 {0-1 Moroni,L (2535)-Vakhidov,J (2607) 6th Sharjah Masters 2023 (3.24)}) ({RR} 12. Bf4 c5 13. Bg3 Ne5 14. b3 f5 15. exf5 Nxd3 16. Qxd3 Bxf5 17. Qd2 d3 18. Nc3 Bd4+ 19. Kh1 Qf6 20. Rac1 Rae8 21. Bf2 Re7 22. Bxd4 cxd4 23. Nb5 a6 24. Na3 Re2 25. Qf4 Rxg2 26. Rg1 Rxa2 {1-0 Sarana,A (2682)-Warmerdam,M (2636) Titled Tue 10th Oct Early 2023 (5)}) 12... Qf6 13. Rb1 c5 14. dxc6 bxc6 15. b4 c5 16. Nf4 Nb6 17. Bd3 Bd7 18. Qb3 Ba4 19. Qa3 cxb4 20. Rxb4 Bc6 21. Nd5 Bxd5 22. cxd5 Nd7 23. Bd2 Nc5 24. Rfb1 h5 25. Bf1 h4 26. h3 Rfc8 27. Rc4 Qe7 28. Qc1 Bf6 29. Rb5 Rab8 30. Qb1 Rxb5 31. Qxb5 Qe5 32. f4 Qxe4 33. Rc1 Qxd5 34. Bc4 Qc6 35. Qb1 Kg7 36. Re1 d5 37. Bb5 Qb6 38. f5 Ne4 39. fxg6 Nxd2 40. Qf5 Qc5 41. gxf7 d3+ 42. Kh1 Ne4 43. Qg4+ Kxf7 44. Qh5+ Kg7 45. Qg4+ Kh6 46. Qf4+ Bg5 47. Qf7 Nf2+ 48. Kh2 Qc7+ 49. Qxc7 Rxc7 50. Re6+ Kg7 0-1

[Event "Olympiad Women 2024"]
[Site "Budapest HUN"]
[Date "2024.09.13"]
[Round "3.36"]
[Board "2"]
[White "Hamouri, Taqwa"]
[Black "Kakulidis, Ellen"]
[Result "0-1"]
[WhiteElo "1845"]
[BlackElo "2048"]
[PlyCount "90"]
[EventDate "2024.09.11"]
[WhiteTeam "Palestine"]
[BlackTeam "Denmark"]
[WhiteTeamCountry "PLE"]
[BlackTeamCountry "DEN"]

1. e4 e5 2. Nf3 Nc6 3. Bc4 Nf6 4. d4 exd4 5. O-O Nxe4 6. Re1 d5 7. Bxd5 Qxd5 8. Nc3 Qh5 9. Nxe4 Be6 10. Bg5 Bd6 11. Nxd6+ cxd6 12. Bf4 Qd5 13. c3 Rc8 14. Nxd4 Nxd4 15. Qxd4 Qxd4 16. cxd4 Kd7 17. d5 ({RR} 17. Bd2 Bd5 18. Bc3 h5 19. a3 Rhe8 20. f3 Kc6 21. Kf2 Kb5 22. Rxe8 Rxe8 23. Bb4 Bc4 24. Re1 Rxe1 25. Kxe1 d5 26. Kd2 a5 27. Bf8 g6 28. g3 a4 29. Kc3 Ba2 30. f4 Bb1 31. Bg7 Bf5 {½-½ Annaberdiyev,B (2208)-Kotyk,M (2125) Titled Tue 27th Feb Late 2024 (3)}) 17... Bf5 18. Rac1 Rhe8 19. Bd2 $146 ({RR} 19. Rxe8 Rxe8 20. Be3 a6 21. Bd4 Be4 22. Re1 Rc8 23. Bxg7 Bxd5 24. Bf6 Bxa2 25. Re7+ Kc6 26. h4 Be6 27. f4 a5 28. Kf2 h5 29. f5 Bxf5 30. Rxf7 Be6 31. Rh7 Rf8 32. Rh6 Bg4 33. Ke3 Kd5 {0-1 Gayson,P (2122)-Biro,S (2196) EU-ch Seniors 50 19th 2019 (5)}) 19... Rxc1 20. Rxc1 Be4 21. Bc3 Bxd5 22. f3 f6 23. a3 Bc6 24. Kf2 Bb5 25. h4 Re2+ 26. Kg3 h5 27. Rd1 Bc6 28. Rg1 Ke6 29. Kf4 Kf7 30. Bd4 a6 31. g4 hxg4 32. Rxg4 Bd7 33. Rg1 Rh2 34. Bc3 Rxh4+ 35. Kg3 Rh3+ 36. Kg2 Rh5 37. Rd1 d5 38. Bb4 Bc6 39. Kg3 Re5 40. Bc3 Re2 41. Rd4 g5 42. f4 Kg6 43. fxg5 fxg5 44. Kg4 Re3 45. Bd2 Bd7# 0-1

[Event "Olympiad Women 2024"]
[Site "Budapest HUN"]
[Date "2024.09.13"]
[Round "3.36"]
[Board "3"]
[White "Guindy, Esmat Susanne"]
[Black "Faqeeh, Yara"]
[Result "1-0"]
[WhiteElo "2015"]
[BlackElo "1671"]
[PlyCount "81"]
[EventDate "2024.09.11"]
[WhiteTeam "Denmark"]
[BlackTeam "Palestine"]
[WhiteTeamCountry "DEN"]
[BlackTeamCountry "PLE"]

1. d4 Nf6 2. g3 g6 3. Bg2 Bg7 4. Nf3 d6 5. O-O Nbd7 6. c4 O-O 7. Nc3 Re8 8. e4 e5 9. h3 Rb8 10. Be3 b6 11. Re1 Bb7 12. d5 Nh5 $146 ({RR} 12... Nc5 13. Qc2 Rf8 14. b4 Ncd7 15. Rac1 c5 16. dxc6 Bxc6 17. Nd2 Qc7 18. Qd3 Ne8 19. Nb5 Bxb5 20. cxb5 Qb7 21. Nc4 Rd8 22. Red1 Ndf6 23. Nxe5 Rc8 24. Rxc8 Qxc8 25. Nc6 Qd7 26. e5 {1-0 Macek,V (2243)-Hishii,A Olympiad Women-37 2006 (1)}) 13. Rc1 Rf8 14. Qd2 Bh8 15. Bh6 Ng7 16. Ng5 Re8 17. f4 Nf6 18. fxe5 dxe5 19. g4 Qe7 20. Qf2 Nd7 21. Rf1 f6 22. Bxg7 Bxg7 23. Ne6 Bh8 24. Nxc7 Rec8 25. N3b5 a6 26. d6 Qd8 27. Nc3 Nc5 28. Rcd1 Qd7 29. b4 Ne6 30. N3d5 Bxd5 31. Nxd5 Rf8 32. Nxb6 Qc6 33. c5 Nd4 34. Rxd4 Rxb6 35. cxb6 exd4 36. Qxd4 Rd8 37. e5 Qd7 38. Qc4+ Kf8 39. Qc7 Bg7 40. e6 Qxe6 41. Qxd8+ 1-0

[Event "Olympiad Women 2024"]
[Site "Budapest HUN"]
[Date "2024.09.13"]
[Round "3.36"]
[Board "4"]
[White "Natsheh, Wajd"]
[Black "Durrfeld, Sofie Bech"]
[Result "0-1"]
[WhiteElo "1739"]
[BlackElo "1937"]
[PlyCount "88"]
[EventDate "2024.09.11"]
[WhiteTeam "Palestine"]
[BlackTeam "Denmark"]
[WhiteTeamCountry "PLE"]
[BlackTeamCountry "DEN"]

1. d4 Nf6 2. Bg5 Ne4 3. Bf4 d5 4. f3 Nd6 5. Nc3 e6 6. e4 c6 7. Bd3 Qb6 ({RR} 7... b5 8. Nh3 Be7 9. O-O O-O 10. Bxd6 Qxd6 11. e5 Qc7 12. Ne2 c5 13. c3 b4 14. f4 Nc6 15. Kh1 bxc3 16. bxc3 cxd4 17. cxd4 Nb4 18. Rc1 Qa5 19. Bb1 Ba6 20. Rf3 Rfc8 21. Nc3 g6 22. Ng5 {½-½ Andreikin,D (2712)-Mamedyarov,S (2799) Huaian IMSA blitz 2nd 2017 (22)}) ({RR} 7... Be7 8. Nge2 Nd7 9. Qd2 Nb6 10. b3 a5 11. a4 Bd7 12. O-O Ndc8 13. Nd1 Bd6 14. e5 Bb4 15. c3 Be7 16. Be3 Rb8 17. f4 Na8 18. f5 exf5 19. Bxf5 Bxf5 20. Rxf5 O-O 21. Ng3 Nc7 22. Nf2 {0-1 Hoffmann,A (2185)-Taboas Rodriguez,D (2338) Titled Tue 18th Jun Late 2024 (2)}) 8. Nge2 Be7 9. O-O Nd7 10. Na4 $146 ({RR} 10. Kh1 Nf8 11. Bd2 Ng6 12. b4 O-O 13. a4 Nc4 14. Bxc4 dxc4 15. Rb1 Rd8 16. Qe1 Qc7 17. Nd1 e5 18. dxe5 Qxe5 19. Bc3 Qh5 20. Ne3 b5 21. f4 Bh4 22. Ng3 Qh6 23. f5 Nf4 24. Rf3 Nh5 {1-0 Guarin Fonseca,N (1787)-Crispin Ferreras,D (2131) XXX Feria de las Flores 2023 (2.18)}) 10... Qd8 11. Qe1 g5 12. Bxd6 Bxd6 13. e5 Bc7 14. f4 b5 15. Nac3 Bb7 16. f5 Qe7 17. a4 b4 18. Na2 c5 19. c3 b3 20. Nac1 c4 21. Bb1 f6 22. Ng3 fxe5 23. fxe6 Qxe6 24. Bf5 Qd6 25. dxe5 Nxe5 26. Nce2 O-O 27. Nd4 Rae8 28. Qd2 h6 29. Nb5 Qb6+ 30. Nd4 Ng6 31. a5 Qd6 32. Bg4 Nf4 33. Kh1 Bc8 34. Bf3 g4 35. Nb5 gxf3 36. Nxd6 fxg2+ 37. Kg1 gxf1=Q+ 38. Rxf1 Bxd6 39. Qd4 Nh3+ 40. Kh1 Rxf1+ 41. Nxf1 Be6 42. Qf6 Kh7 43. Ne3 Rg8 44. Ng2 Rf8 0-1

[Event "Olympiad Women 2024"]
[Site "Budapest HUN"]
[Date "2024.09.13"]
[Round "3.37"]
[Board "1"]
[White "Park, Sunwoo"]
[Black "Maksimovic, Masa"]
[Result "1/2-1/2"]
[WhiteElo "1877"]
[BlackElo "2093"]
[PlyCount "101"]
[EventDate "2024.09.11"]
[WhiteTeam "South Korea"]
[BlackTeam "Bosnia & Herzegovina"]
[BlackTeamCountry "BIH"]

1. e4 c5 2. Nc3 d6 3. g3 Nc6 4. Bg2 g6 5. d3 Bg7 6. Be3 e6 7. Qd2 h6 8. Nge2 Nd4 9. Nd1 Ne7 10. c3 Nxe2 11. Qxe2 O-O 12. O-O Rb8 13. f4 b6 14. d4 Bb7 $146 ({RR} 14... Qd7 15. Qd2 f5 16. Nf2 fxe4 17. Nxe4 Nf5 18. dxc5 dxc5 19. Qxd7 Bxd7 20. Bf2 Rbd8 21. g4 Ne7 22. Bh4 g5 23. fxg5 Ng6 24. Bg3 e5 25. gxh6 Bxh6 26. g5 Bg7 27. h4 Bg4 28. Rxf8+ Rxf8 29. Rf1 {1-0 Glinert,S (2300)-Findlay,I (2435) Toronto op 1997 (1)}) 15. Nf2 Qc8 16. Rfd1 d5 17. Rac1 dxe4 18. dxc5 bxc5 19. Nxe4 Bxe4 20. Bxe4 Nf5 21. Bf2 Qc7 22. Rd2 Rfd8 23. Rcd1 Rxd2 24. Rxd2 Rb6 25. Qd3 Rd6 26. Qc2 Rxd2 27. Qxd2 Nd6 28. Bd3 Nc8 29. Qe3 c4 30. Bf1 Nb6 31. Qe4 Bf8 32. Qd4 Bg7 33. Qe4 Bf8 34. Qe3 Bg7 35. Qc5 Qxc5 36. Bxc5 Na4 37. Ba3 Bf8 38. Bxf8 Kxf8 39. Bxc4 Nxb2 40. Bb3 Ke7 41. Kf2 Nd3+ 42. Ke2 Nc5 43. Ke3 Kd6 44. Kd4 f6 45. Bc2 g5 46. fxg5 fxg5 47. h4 gxh4 48. gxh4 e5+ 49. Ke3 Ke7 50. Kf3 Kf7 51. Kg4 1/2-1/2

[Event "Olympiad Women 2024"]
[Site "Budapest HUN"]
[Date "2024.09.13"]
[Round "3.37"]
[Board "2"]
[White "Babic, Milana"]
[Black "Kang, Sohyun"]
[Result "1-0"]
[WhiteElo "2080"]
[BlackElo "1726"]
[PlyCount "99"]
[EventDate "2024.09.11"]
[WhiteTeam "Bosnia & Herzegovina"]
[BlackTeam "South Korea"]
[WhiteTeamCountry "BIH"]

1. Nf3 d5 2. g3 c6 3. Bg2 Bf5 4. O-O e6 5. Nh4 Bg4 6. d3 Be7 7. Nf3 Nf6 8. b3 O-O 9. Bb2 h6 $146 ({RR} 9... c5 10. h3 Bh5 11. g4 Bg6 12. Ne5 Nfd7 13. Nxg6 hxg6 14. c4 Bf6 15. Nc3 Nb6 16. cxd5 exd5 17. Rc1 Nc6 18. Ba3 Nb4 19. d4 cxd4 20. Bxb4 dxc3 21. Bxf8 Kxf8 22. g5 Bxg5 23. Rxc3 Bf6 24. Rd3 {½-½ Alcazar Jimenez,J (2289)-Barria Zuniga,D (2419) Madrid Oliver Gonzalez Memorial 1st 2010 (9)}) 10. c4 a5 11. Na3 Re8 12. Nc2 Bf5 13. a3 Qb6 14. Rb1 Nbd7 15. Bc3 Qa6 16. Ne3 Bh7 17. b4 dxc4 18. Nxc4 Nd5 19. Bd2 axb4 20. axb4 b5 21. Ne3 N7f6 22. Qb3 Qa2 23. Rfc1 Rec8 24. Nxd5 Nxd5 25. e4 Nf6 26. h3 Qxb3 27. Rxb3 Ra2 28. Be3 Nd7 29. Nd4 Raa8 30. Nxc6 Bf8 31. Kh2 Kh8 32. Nd4 Rxc1 33. Bxc1 Ra4 34. Bd2 Ra2 35. Be1 g5 36. Nxb5 Re2 37. Rb1 Kg8 38. Nc3 Rc2 39. Bf3 Bg7 40. Bd1 Rxc3 41. Bxc3 Bxc3 42. Kg2 Kg7 43. f4 Nb6 44. Kf3 f6 45. Rc1 Bd4 46. Rc7+ Kh8 47. Bb3 Bg8 48. Rc6 e5 49. Bxg8 Kxg8 50. Rxf6 1-0

[Event "Olympiad Women 2024"]
[Site "Budapest HUN"]
[Date "2024.09.13"]
[Round "3.37"]
[Board "3"]
[White "Cho, Yeonhee"]
[Black "Jacimovic, Sara"]
[Result "0-1"]
[WhiteElo "1696"]
[BlackElo "1981"]
[PlyCount "108"]
[EventDate "2024.09.11"]
[WhiteTeam "South Korea"]
[BlackTeam "Bosnia & Herzegovina"]
[BlackTeamCountry "BIH"]

1. e4 e5 2. Nf3 Nc6 3. Be2 Nf6 4. Nc3 Bc5 5. Nxe5 Nxe5 6. d4 Bd6 7. dxe5 Bxe5 8. Nb5 a6 9. f4 Bxf4 ({RR} 9... axb5 10. fxe5 Nxe4 11. Qd4 Ng5 12. O-O Ne6 13. Qe4 Ra4 14. b4 c5 15. c3 cxb4 16. cxb4 O-O 17. Be3 d5 18. exd6 Qxd6 19. a3 Bd7 20. Rfd1 Qc7 21. Qf5 Nd4 22. Qd3 Nxe2+ 23. Qxe2 Bc6 24. Bd4 {0-1 Tifferet,S (2305)-Borgaonkar,A (2372) Titled Tue 9th Apr Early 2024 (3)}) 10. Bxf4 axb5 11. e5 Ne4 $146 ({RR} 11... Ng8 12. O-O c6 13. c4 b4 14. Kh1 Ne7 15. Qd6 Nf5 16. Qxb4 Qe7 17. Qd2 O-O 18. Bg4 Qe6 19. Qc3 g6 20. Bg5 b5 21. b3 bxc4 22. bxc4 Ra4 23. Bxf5 gxf5 24. Qg3 Rxc4 25. h3 Qg6 26. Qe3 {0-1 Kramarenko,E (1671)-Galliamova,A (2410) TCh-RUS Blitz w 2023 (12.13)}) ({RR} 11... Ng8 12. O-O Ne7 13. Bg5 O-O 14. Bd3 h6 15. Bh4 Qe8 16. Qf3 Ng6 17. Bxg6 fxg6 18. Qd5+ Kh7 19. Rxf8 Qxf8 20. Rf1 Qb4 21. Bf6 d6 22. Qf7 {1-0 Dahl,T (2125)-Wik,B (1810) Ostersund Hurtigfeiden op 2016 (2)}) 12. Qd5 Ng5 13. O-O Ne6 14. Be3 Qe7 15. Rf3 c6 16. Qd6 Qxd6 17. exd6 Ra4 18. c3 O-O 19. a3 Ra6 20. Rd1 Re8 21. Bd3 Ra4 22. Bc2 Ra6 23. Bb3 b6 24. Rdf1 Rf8 25. Rd1 Re8 26. Bc1 c5 27. Bd5 Ra7 28. Re3 Bb7 29. Bxe6 Rxe6 30. Rxe6 fxe6 31. Bg5 Ra8 32. Be7 Bd5 33. Re1 Kf7 34. Rf1+ Kg6 35. h4 h5 36. Kh2 Be4 37. Kg3 Bf5 38. Re1 b4 39. axb4 cxb4 40. cxb4 Ra4 41. Re2 Rxb4 42. Kf2 Rd4 43. Kg3 b5 44. Re5 b4 45. Re3 Bc2 46. Kh3 b3 47. Re5 Bf5+ 48. Kg3 Rd2 49. Rb5 Rxb2 50. Bg5 Be4 51. Bc1 Rxg2+ 52. Kh3 Rc2 53. Ba3 Bd5 54. Rb4 Kf5 0-1